Estudis i propostes tècniques per al desenvolupament de la Política Tecnològica i Energètica del Govern de la Generalitat : recull de ponències i comunicacions recull de ponències i comunicacions
Publicado:
[Barcelona] :
Generalitat de Catalunya. Departament d'Indústria i Energia : Institut d'Estudis Catalans ,
1982
Descripción Física:
389 p. ; 24 cm
MARC
| LEADER | 00000nam a2200000Ia 4500 | ||
|---|---|---|---|
| 001 | 1488 | ||
| 008 | 160829s1982 xx 000 0 cat d | ||
| 080 | |a C-2-66 | ||
| 245 | |a Estudis i propostes tècniques per al desenvolupament de la Política Tecnològica i Energètica del Govern de la Generalitat : |b recull de ponències i comunicacions | ||
| 260 | |a [Barcelona] : |b Generalitat de Catalunya. Departament d'Indústria i Energia : |b Institut d'Estudis Catalans, |c 1982 | ||
| 300 | |a 389 p. ; |c 24 cm | ||
| 650 | |a Tecnologia |x Catalunya |x Congressos |9 36493 | ||
| 650 | 0 | |a Política energètica |9 36494 | |
| 710 | 2 | |a Institut d'Estudis Catalans |9 52284 | |
| 710 | 1 | |a Catalunya. |b Direcció General de Política Industrial i Tecnològica |9 56408 | |
| 901 | |a Arxiu | ||
| 942 | |n 1 | ||
| 952 | |0 0 |1 0 |4 0 |6 C266 |7 1 |9 47336 |a Arxiu |b Arxiu |d 2016-12-01 |l 0 |o C-2-66 |p 1488 |r 2016-12-01 00:00:00 |w 2016-12-01 |y ARXIU | ||
| 999 | |c 51134 |d 51134 | ||